-
PANDEY, DR. DESH DEEPAK & YADAV, DR. AJIT KUMAR AND SRIVASTAVA, MONIKA SAXENA
Entry Personal Name
Number of records used in: 1
001 - CONTROL NUMBER
003 - CONTROL NUMBER IDENTIFIER
005 - DATE AND TIME OF LATEST TRANSACTION
- control field:
20240920115223.0
008 - FIXED-LENGTH DATA ELEMENTS
- fixed length control field:
240920|| aca||aabn | a|a d
040 ## - CATALOGING SOURCE
- Original cataloging agency:
JRU
- Transcribing agency:
JRU
100 ## - HEADING--PERSONAL NAME
- Personal name:
PANDEY, DR. DESH DEEPAK & YADAV, DR. AJIT KUMAR AND SRIVASTAVA, MONIKA SAXENA
670 ## - SOURCE DATA FOUND
- Source citation:
Work cat.: (JRU)8706: PANDEY, DR. DESH DEEPAK & YADAV, DR. AJIT KUMAR AND SRIVASTAVA, MONIKA SAXENA , LAB MANUAL PRACTICAL [ D.PHARMA, 2ND YEAR] PART-II